[Event "Rheinland Pfalz Seniors op"]
[Site "Altenkirchen"]
[Date "2023.09.12"]
[Round "8"]
[White "Ranker, Klemens"]
[Black "Kalepky, Helmut"]
[Result "1/2-1/2"]
[WhiteElo "1806"]
[BlackElo "1912"]
[PlyCount "27"]
[EventDate "2023.09.05"]
[EventType "swiss"]
[EventRounds "9"]
[EventCountry "GER"]
[SourceTitle "EXT 2024"]
[Source "ChessBase"]
[SourceDate "2023.10.10"]
[SourceVersion "1"]
[SourceVersionDate "2023.10.10"]
[SourceQuality "1"]

1. e4 e5 2. Nf3 Nc6 3. Bb5 f5 4. Nc3 Nf6 5. d3 fxe4 6. dxe4 Bc5 7. h3 d6 8. Qd3 Bd7 9. a3 Nd4 10. Bxd7+ Qxd7 11. Nxd4 Bxd4 12. Ne2 Bb6 13. Be3 Qc6 14. Bxb6 1/2-1/2

[Event "Rheinland Pfalz Seniors op"]
[Site "Altenkirchen"]
[Date "2023.09.11"]
[Round "7"]
[White "Haase, Reinhard"]
[Black "Ranker, Klemens"]
[Result "1/2-1/2"]
[WhiteElo "2064"]
[BlackElo "1806"]
[PlyCount "32"]
[EventDate "2023.09.05"]
[EventType "swiss"]
[EventRounds "9"]
[EventCountry "GER"]
[SourceTitle "EXT 2024"]
[Source "ChessBase"]
[SourceDate "2023.10.10"]
[SourceVersion "1"]
[SourceVersionDate "2023.10.10"]
[SourceQuality "1"]

1. d4 d5 2. c4 c6 3. Nc3 Nf6 4. cxd5 Nxd5 5. Nf3 g6 6. e4 Nb6 7. Be3 Bg7 8. Qd2 0-0 9. Bh6 Bg4 10. 0-0-0 Na6 11. h4 f5 12. h5 Bxh5 13. Rxh5 gxh5 14. Qg5 Rf7 15. Bxg7 Rxg7 16. Qxf5 Qe8 1/2-1/2

[Event "Rheinland Pfalz Seniors op"]
[Site "Altenkirchen"]
[Date "2023.09.10"]
[Round "6"]
[White "Ranker, Klemens"]
[Black "Hesse, Rutger"]
[Result "1-0"]
[WhiteElo "1806"]
[BlackElo "1900"]
[PlyCount "61"]
[EventDate "2023.09.05"]
[EventType "swiss"]
[EventRounds "9"]
[EventCountry "GER"]
[SourceTitle "EXT 2024"]
[Source "ChessBase"]
[SourceDate "2023.10.10"]
[SourceVersion "1"]
[SourceVersionDate "2023.10.10"]
[SourceQuality "1"]

1. e4 e5 2. Nf3 Nc6 3. Bb5 a6 4. Ba4 Nf6 5. 0-0 b5 6. Bb3 Be7 7. Re1 Bb7 8. d3 h6 9. Nbd2 0-0 10. Nf1 d5 11. exd5 Nxd5 12. Nxe5 Nxe5 13. Rxe5 Bf6 14. Rh5 Bg5 15. Bxg5 hxg5 16. Bxd5 Qxd5 17. Ne3 Qe5 18. Rb1 g6 19. Ng4 Qe7 20. Rh3 Kg7 21. Qd2 b4 22. Re1 Qc5 23. Re5 Qc6 24. Rg3 Rae8 25. Qxg5 Rxe5 26. Qh6+ Kg8 27. Nxe5 Re8 28. Qf4 Re7 29. h4 Qxc2 30. Qf6 Qc5 31. Nxg6 1-0

[Event "Rheinland Pfalz Seniors op"]
[Site "Altenkirchen"]
[Date "2023.09.07"]
[Round "3"]
[White "Petri, Wolfgang"]
[Black "Ranker, Klemens"]
[Result "1/2-1/2"]
[WhiteElo "1979"]
[BlackElo "1806"]
[PlyCount "62"]
[EventDate "2023.09.05"]
[EventType "swiss"]
[EventRounds "9"]
[EventCountry "GER"]
[SourceTitle "EXT 2024"]
[Source "ChessBase"]
[SourceDate "2023.10.10"]
[SourceVersion "1"]
[SourceVersionDate "2023.10.10"]
[SourceQuality "1"]

1. e4 c5 2. Nf3 Nc6 3. Bc4 e6 4. 0-0 Nf6 5. e5 Nd5 6. d4 Nb6 7. d5 Nxc4 8. dxc6 bxc6 9. b3 Nb6 10. Nc3 Be7 11. Ne4 0-0 12. c4 f5 13. exf6 Bxf6 14. Nxf6+ gxf6 15. Qd6 Rf7 16. Qxc5 Bb7 17. Re1 Nc8 18. Bh6 Ne7 19. Rad1 Nf5 20. Bc1 d6 21. Qa3 e5 22. b4 Qf8 23. Qd3 Bc8 24. Kh1 h5 25. Rg1 Rg7 26. g3 Qf7 27. Nh4 Nd4 28. Bb2 c5 29. Bxd4 cxd4 30. f3 Qe6 31. Rg2 Rb8 1/2-1/2

[Event "Rottach Egern Seniors Cup 11th"]
[Site "Rottach Egern"]
[Date "2023.04.15"]
[Round "1"]
[White "Ranker, Klemens"]
[Black "Esswein, Karlheinz"]
[Result "0-1"]
[WhiteElo "1771"]
[BlackElo "2069"]
[PlyCount "84"]
[EventDate "2023.04.15"]
[EventType "swiss"]
[EventRounds "9"]
[EventCountry "GER"]
[SourceTitle "EXT 2024"]
[Source "ChessBase"]
[SourceDate "2023.10.10"]
[SourceVersion "1"]
[SourceVersionDate "2023.10.10"]
[SourceQuality "1"]

1. e4 d6 2. Nc3 c5 3. Bc4 e6 4. d3 Nc6 5. Nge2 a6 6. a4 g6 7. 0-0 Bg7 8. Kh1 Nge7 9. Bg5 h6 10. Bh4 0-0 11. f4 Kh7 12. Qe1 Qc7 13. Rd1 f5 14. Bg3 Bd7 15. Qd2 Rac8 16. Bh4 Rfe8 17. Bg3 Nd4 18. Ng1 b5 19. axb5 axb5 20. Ba2 b4 21. Nce2 Ra8 22. Bb1 Nec6 23. c3 Nxe2 24. Nxe2 bxc3 25. bxc3 Qa5 26. Rc1 Nd4 27. Nxd4 cxd4 28. e5 dxe5 29. fxe5 Rec8 30. Qe2 dxc3 31. Rfe1 Bc6 32. h4 Bd5 33. Kh2 Rab8 34. Rc2 Rc7 35. Bf4 Rbc8 36. g4 Bb3 37. Bxh6 Bxh6 38. g5 Bg7 39. h5 Bxc2 40. Bxc2 Qb4 41. Qf2 Rh8 42. h6 Qg4 0-1

[Event "Altenkirchen Seniors op 19th"]
[Site "Altenkirchen"]
[Date "2022.07.26"]
[Round "8"]
[White "Kozlowski, Stephan1111"]
[Black "Ranker, Klemens"]
[Result "0-1"]
[WhiteElo "1601"]
[BlackElo "1804"]
[PlyCount "89"]
[EventDate "2022.07.19"]
[EventType "swiss"]
[EventRounds "9"]
[EventCountry "GER"]
[SourceTitle "CBM 209 Extra"]
[Source "ChessBase"]
[SourceDate "2022.09.30"]
[SourceVersion "1"]
[SourceVersionDate "2022.09.30"]
[SourceQuality "1"]

1. d4 d5 2. Nf3 Nf6 3. e3 g6 4. Nbd2 Bg7 5. c4 c6 6. Be2 0-0 7. 0-0 Re8 8. b3 Nbd7 9. Bb2 Nf8 10. c5 Bg4 11. h3 Bf5 12. Ne5 N6d7 13. Nd3 e5 14. b4 e4 15. Nf4 Nf6 16. g4 Bc8 17. a4 Ne6 18. Ng2 Ng5 19. Nf4 Bh6 20. Ra3 Qc7 21. h4 Nf3+ 22. Nxf3 exf3 23. Bxf3 Bxf4 24. exf4 Qxf4 25. Bc1 Qc7 26. Bg5 Ne4 27. Re1 Bd7 28. Bxe4 Rxe4 29. Rxe4 dxe4 30. Re3 Re8 31. Qe2 f5 32. gxf5 Bxf5 33. Kg2 Qf7 34. Bf4 Qe6 35. Rg3 Kf7 36. h5 Qd5 37. hxg6+ hxg6 38. Be3 Rh8 39. f4 Rh7 40. b5 Qd8 41. Qa2+ Kf6 42. d5 cxd5 43. Bd4+ Ke6 44. Bg1 Qh4 45. Qf2 0-1

[Event "Altenkirchen Seniors op 19th"]
[Site "Altenkirchen"]
[Date "2022.07.24"]
[Round "6"]
[White "Scheffler, Juergen"]
[Black "Ranker, Klemens"]
[Result "0-1"]
[WhiteElo "1420"]
[BlackElo "1804"]
[PlyCount "68"]
[EventDate "2022.07.19"]
[EventType "swiss"]
[EventRounds "9"]
[EventCountry "GER"]
[SourceTitle "CBM 209 Extra"]
[Source "ChessBase"]
[SourceDate "2022.09.30"]
[SourceVersion "1"]
[SourceVersionDate "2022.09.30"]
[SourceQuality "1"]

1. d4 d5 2. c4 c6 3. Nc3 Nf6 4. Bg5 e6 5. e3 Be7 6. Nf3 0-0 7. Rc1 Nbd7 8. cxd5 exd5 9. Bd3 Re8 10. 0-0 Nf8 11. Bb1 Bg4 12. h3 Bh5 13. Bd3 Ne4 14. Bxe7 Qxe7 15. Be2 Ne6 16. Ne5 Bxe2 17. Nxe2 f6 18. Ng4 Qd6 19. Nc3 N4g5 20. Nh2 Re7 21. Qg4 g6 22. Nf3 Nf7 23. Ne2 Ng7 24. Nh4 f5 25. Qg3 Qf6 26. f4 Nh5 27. Qf2 Rae8 28. Rc3 Nd6 29. Nxg6 hxg6 30. Qf3 Ne4 31. Rc2 Neg3 32. Nxg3 Rxe3 33. Nxh5 Qxd4 34. Qd1 Rd3+ 0-1

[Event "Rottach Egern Seniors Cup 9th"]
[Site "Rottach Egern"]
[Date "2021.10.25"]
[Round "4"]
[White "Ranker, Klemens"]
[Black "Wraga, Hermann"]
[Result "1/2-1/2"]
[WhiteElo "1840"]
[BlackElo "1643"]
[PlyCount "42"]
[EventDate "2021.10.22"]
[EventType "swiss"]
[EventRounds "7"]
[EventCountry "GER"]
[SourceTitle "CBM 204 Extra"]
[Source "ChessBase"]
[SourceDate "2021.11.30"]
[SourceVersion "1"]
[SourceVersionDate "2021.11.30"]
[SourceQuality "1"]

1. e4 d6 2. Nc3 g6 3. h3 Bg7 4. Nf3 a6 5. Bc4 e6 6. d3 Nc6 7. a3 Nge7 8. 0-0 0-0 9. Ne2 Ne5 10. Nxe5 Bxe5 11. f4 Bg7 12. Ng3 d5 13. Bb3 f5 14. e5 d4 15. Ne2 c5 16. Rf3 Kh8 17. h4 h5 18. Rh3 Ng8 19. Ng3 Qe8 20. c3 dxc3 21. bxc3 Nh6 1/2-1/2

[Event "Rottach Egern Seniors Cup 9th"]
[Site "Rottach Egern"]
[Date "2021.10.24"]
[Round "3"]
[White "Herbold, Manfred"]
[Black "Ranker, Klemens"]
[Result "1-0"]
[WhiteElo "2034"]
[BlackElo "1840"]
[PlyCount "49"]
[EventDate "2021.10.22"]
[EventType "swiss"]
[EventRounds "7"]
[EventCountry "GER"]
[SourceTitle "CBM 204 Extra"]
[Source "ChessBase"]
[SourceDate "2021.11.30"]
[SourceVersion "1"]
[SourceVersionDate "2021.11.30"]
[SourceQuality "1"]

1. e4 c5 2. b4 cxb4 3. a3 b3 4. c4 Nc6 5. Nf3 d6 6. Qxb3 Nf6 7. Nc3 g6 8. Bb2 Bg7 9. d4 0-0 10. Be2 b6 11. Rd1 Na5 12. Qa2 Ba6 13. 0-0 Rc8 14. Nd2 Qc7 15. Rc1 Qd7 16. a4 Bh6 17. f4 Ng4 18. Nd5 Rfe8 19. e5 Bg7 20. h3 Nh6 21. Ne4 Bb7 22. g4 Bxd5 23. cxd5 Rxc1 24. Rxc1 f5 25. Bb5 1-0

[Event "Rottach Egern Seniors Cup 9th"]
[Site "Rottach Egern"]
[Date "2021.10.22"]
[Round "1"]
[White "Luciani, Carlo"]
[Black "Ranker, Klemens"]
[Result "1/2-1/2"]
[WhiteElo "2196"]
[BlackElo "1840"]
[PlyCount "107"]
[EventDate "2021.10.22"]
[EventType "swiss"]
[EventRounds "7"]
[EventCountry "GER"]
[SourceTitle "CBM 204 Extra"]
[Source "ChessBase"]
[SourceDate "2021.11.30"]
[SourceVersion "1"]
[SourceVersionDate "2021.11.30"]
[SourceQuality "1"]

1. e4 c5 2. Nf3 Nc6 3. d4 cxd4 4. Nxd4 d6 5. Nc3 g6 6. Be2 Bg7 7. Be3 Nf6 8. Nb3 b6 9. f4 Bb7 10. Bf3 Nd7 11. Qd2 Rc8 12. 0-0 Bxc3 13. Qxc3 Nce5 14. Qd4 Nxf3+ 15. gxf3 0-0 16. c3 Qc7 17. Qd2 Rfd8 18. Qg2 Ba6 19. Rfd1 Nf8 20. Rd2 Bb5 21. Qg5 Be8 22. f5 f6 23. Qg3 Qc4 24. Rad1 Qf7 25. Rg2 e5 26. Rgd2 Rc6 27. Nc1 Qe7 28. Nd3 a5 29. Nf2 Kh8 30. fxg6 Nxg6 31. Ng4 Bf7 32. b3 Be6 33. Nh6 Qf8 34. c4 Rd7 35. Rg2 Rg7 36. Qf2 Nf4 37. Bxf4 exf4 38. Nf5 Bxf5 39. exf5 Rxg2+ 40. Kxg2 Rc5 41. Qd4 Rxf5 42. Qxd6 Qe8 43. Qd8 Qxd8 44. Rxd8+ Kg7 45. h4 Re5 46. Rd2 b5 47. Rc2 bxc4 48. bxc4 Rc5 49. Kh3 f5 50. h5 h6 51. Kh4 a4 52. Rc1 Kf7 53. Rc2 Kg7 54. Rc1 1/2-1/2

[Event "Altenkirchen Seniors op 18th"]
[Site "Altenkirchen"]
[Date "2021.07.07"]
[Round "6"]
[White "Ranker, Klemens"]
[Black "Froitzheim, Ralf"]
[Result "1/2-1/2"]
[WhiteElo "1824"]
[BlackElo "1906"]
[PlyCount "51"]
[EventDate "2021.07.02"]
[EventType "swiss"]
[EventRounds "9"]
[EventCountry "GER"]
[SourceTitle "CBM 203 Extra"]
[Source "ChessBase"]
[SourceDate "2021.09.30"]
[SourceVersion "1"]
[SourceVersionDate "2021.09.30"]
[SourceQuality "1"]

1. e4 c6 2. d4 d5 3. exd5 cxd5 4. Bd3 Nc6 5. c3 Qc7 6. Be3 Nf6 7. h3 e6 8. Nd2 Be7 9. Ndf3 0-0 10. Ne2 e5 11. dxe5 Nxe5 12. Nxe5 Qxe5 13. Bf4 Qe6 14. 0-0 Qb6 15. Rb1 Bc5 16. Ng3 Be6 17. Be5 Ne4 18. Nxe4 dxe4 19. Bxe4 Bxa2 20. Ra1 Bc4 21. Bxh7+ Kxh7 22. Qg4 f6 23. Qh4+ Kg6 24. Qg4+ Kh7 25. Qh4+ Kg6 26. Qg4+ 1/2-1/2

[Event "Altenkirchen Seniors op 18th"]
[Site "Altenkirchen"]
[Date "2021.07.04"]
[Round "3"]
[White "Mertens, Klaus"]
[Black "Ranker, Klemens"]
[Result "1-0"]
[WhiteElo "2119"]
[BlackElo "1824"]
[PlyCount "37"]
[EventDate "2021.07.02"]
[EventType "swiss"]
[EventRounds "9"]
[EventCountry "GER"]
[SourceTitle "CBM 203 Extra"]
[Source "ChessBase"]
[SourceDate "2021.09.30"]
[SourceVersion "1"]
[SourceVersionDate "2021.09.30"]
[SourceQuality "1"]

1. Nf3 Nf6 2. g3 g6 3. Bg2 Bg7 4. c4 d6 5. d4 0-0 6. 0-0 Bg4 7. Nc3 c6 8. Qc2 Qd7 9. Rd1 Bh3 10. Bh1 h6 11. e3 Bg4 12. b3 Na6 13. a3 Nc7 14. Bb2 Ne6 15. Rd2 Rfd8 16. d5 Nf8 17. dxc6 bxc6 18. Ne5 Qc7 19. Nxc6 1-0

[Event "Altenkirchen Seniors op 18th"]
[Site "Altenkirchen"]
[Date "2021.07.02"]
[Round "1"]
[White "Ranker, Klemens"]
[Black "Boidman, Yuri"]
[Result "0-1"]
[WhiteElo "1824"]
[BlackElo "2320"]
[PlyCount "24"]
[EventDate "2021.07.02"]
[EventType "swiss"]
[EventRounds "9"]
[EventCountry "GER"]
[SourceTitle "CBM 203 Extra"]
[Source "ChessBase"]
[SourceDate "2021.09.30"]
[SourceVersion "1"]
[SourceVersionDate "2021.09.30"]
[SourceQuality "1"]

1. e4 d5 2. exd5 Nf6 3. d4 Bg4 4. f3 Bf5 5. c4 e6 6. dxe6 Nc6 7. exf7+ Kxf7 8. Bd3 Bb4+ 9. Nc3 Bxd3 10. Qxd3 Nxd4 11. Bd2 Re8+ 12. Kf1 Nb3 0-1

[Event "RLP Seniors op 17th"]
[Site "Neustadt an der Weinstrasse"]
[Date "2019.07.24"]
[Round "5"]
[White "Leibfried, Peter"]
[Black "Ranker, Klemens"]
[Result "1/2-1/2"]
[WhiteElo "1882"]
[BlackElo "1795"]
[PlyCount "41"]
[EventDate "2019.07.20"]
[EventType "swiss"]
[EventRounds "9"]
[EventCountry "GER"]
[SourceTitle "CBM 192 Extra"]
[Source "Chessbase"]
[SourceDate "2019.11.06"]
[SourceVersion "1"]
[SourceVersionDate "2019.11.06"]
[SourceQuality "1"]

1. d4 d5 2. c4 c6 3. Nf3 g6 4. g3 Bg7 5. Qb3 dxc4 6. Qxc4 Nf6 7. Bg2 0-0 8. 0-0 Nbd7 9. Rd1 Nb6 10. Qb4 Nbd5 11. Qe1 Bf5 12. Nc3 Nxc3 13. bxc3 Bc2 14. Rd2 Be4 15. Rb2 b6 16. a4 Qd5 17. Be3 Ng4 18. c4 Qh5 19. Nh4 Bxg2 20. Kxg2 Nxe3+ 21. fxe3 1/2-1/2

[Event "RLP Seniors op 17th"]
[Site "Neustadt an der Weinstrasse"]
[Date "2019.07.20"]
[Round "1"]
[White "Glaeser, Wilfried"]
[Black "Ranker, Klemens"]
[Result "1-0"]
[WhiteElo "2107"]
[BlackElo "1795"]
[PlyCount "81"]
[EventDate "2019.07.20"]
[EventType "swiss"]
[EventRounds "9"]
[EventCountry "GER"]
[SourceTitle "CBM 192 Extra"]
[Source "Chessbase"]
[SourceDate "2019.11.06"]
[SourceVersion "1"]
[SourceVersionDate "2019.11.06"]
[SourceQuality "1"]

1. Nf3 Nf6 2. g3 g6 3. b3 Bg7 4. Bb2 d5 5. Bg2 Nc6 6. 0-0 0-0 7. c4 d4 8. d3 Re8 9. Nbd2 Bf5 10. a3 e5 11. Nh4 Be6 12. b4 Qd7 13. Nb3 Bf8 14. b5 Nd8 15. a4 c6 16. Ba3 Bxa3 17. Rxa3 Qe7 18. Ra1 Rb8 19. Qc1 Bc8 20. Qa3 Kg7 21. Qxe7 Rxe7 22. Nf3 Bf5 23. Nfd2 Rc7 24. Rfc1 Rbc8 25. h3 Nd7 26. g4 Be6 27. Ne4 Kf8 28. f4 f6 29. fxe5 fxe5 30. Rf1+ Ke7 31. Rf2 Bg8 32. Raf1 Ne6 33. Kh2 cxb5 34. axb5 a6 35. bxa6 bxa6 36. Ra1 Rb8 37. Ned2 Nec5 38. Nxc5 Nxc5 39. Ne4 Nxe4 40. Bxe4 Rb6 41. Ra5 1-0

[Event "Bad Wiessee Senioren Cup 8th"]
[Site "Bad Wiessee"]
[Date "2019.05.18"]
[Round "8"]
[White "Ranker, Klemens"]
[Black "Choong, Liong On Mark"]
[Result "0-1"]
[WhiteElo "1826"]
[BlackElo "1923"]
[PlyCount "88"]
[EventDate "2019.05.11"]
[EventType "swiss"]
[EventRounds "9"]
[EventCountry "GER"]
[SourceTitle "EXT 2020"]
[Source "ChessBase"]
[SourceDate "2019.10.17"]
[SourceVersion "1"]
[SourceVersionDate "2019.10.17"]
[SourceQuality "1"]

1. e4 c5 2. Bc4 e6 3. Nc3 a6 4. a4 Nc6 5. d3 Qc7 6. Nge2 Nf6 7. h3 Be7 8. 0-0 0-0 9. Bd2 Rb8 10. f4 d6 11. Qe1 Nb4 12. Qd1 d5 13. Ba2 Rd8 14. e5 Ne8 15. Bb1 g6 16. Ng3 Ng7 17. Nce2 h5 18. c3 Nc6 19. Rf3 h4 20. Nh1 Nf5 21. Nf2 b5 22. axb5 Rxb5 23. Bc1 Na5 24. Bc2 Bb7 25. Ba4 Rb6 26. Ng4 Kg7 27. Kh2 d4 28. Rf1 Ba8 29. Nf2 Ne3 30. Bxe3 dxe3 31. Ng4 Qb7 32. Rg1 Rxb2 33. Nxe3 c4 34. Nd4 Bc5 35. dxc4 Bxd4 36. cxd4 Nxc4 37. Nc2 Qe4 38. Qg4 Ne3 39. Nxe3 Qxe3 40. Qxh4 Rdb8 41. Qf6+ Kg8 42. Raf1 Be4 43. Bd7 Bf5 44. Qe7 Qxh3# 0-1

[Event "Bad Wiessee Senioren Cup 8th"]
[Site "Bad Wiessee"]
[Date "2019.05.12"]
[Round "2"]
[White "Ranker, Klemens"]
[Black "Schoknecht, Sabine"]
[Result "0-1"]
[WhiteElo "1826"]
[BlackElo "1643"]
[PlyCount "90"]
[EventDate "2019.05.11"]
[EventType "swiss"]
[EventRounds "9"]
[EventCountry "GER"]
[SourceTitle "EXT 2020"]
[Source "ChessBase"]
[SourceDate "2019.10.17"]
[SourceVersion "1"]
[SourceVersionDate "2019.10.17"]
[SourceQuality "1"]

1. e4 d5 2. exd5 Nf6 3. Nc3 Nxd5 4. Ne4 Bf5 5. Ng3 Bg6 6. Nf3 Nd7 7. d3 e5 8. a3 c6 9. Be2 Be7 10. 0-0 h5 11. Re1 f5 12. Nxe5 Nxe5 13. Bxh5 Bxh5 14. Nxh5 g6 15. Ng7+ Kf7 16. Nxf5 Bf6 17. Nh6+ Kg7 18. Ng4 Qd6 19. h3 Rae8 20. Re4 Re7 21. Nxe5 Rxe5 22. Rxe5 Qxe5 23. Bd2 Kf7 24. Qe1 Qc7 25. Qc1 Be5 26. Qd1 Kg7 27. c3 Rf8 28. d4 Bf4 29. Rc1 Bh2+ 30. Kf1 Qf7 31. Qe2 Kh7 32. Rc2 Bf4 33. Be1 Bh2 34. Bd2 Qf5 35. Be1 Nf4 36. Qe7+ Kg8 37. Rd2 Qb5+ 38. Re2 Nxe2 39. Qe6+ Kg7 40. Qe7+ Rf7 41. Qxe2 Qf5 42. g4 Qd5 43. Qe3 Qh1+ 44. Ke2 Bd6 45. c4 Re7 0-1

[Event "Rheinland Pfalz op Seniors 16th"]
[Site "Neustadt an der Weinstrasse"]
[Date "2018.07.15"]
[Round "9"]
[White "Ranker, Klemens"]
[Black "Costea, Valerius"]
[Result "0-1"]
[WhiteElo "1822"]
[BlackElo "1865"]
[PlyCount "48"]
[EventDate "2018.07.07"]
[EventType "swiss"]
[EventRounds "9"]
[EventCountry "GER"]
[SourceTitle "EXT 2019"]
[Source "ChessBase"]
[SourceDate "2018.10.10"]
[SourceVersion "1"]
[SourceVersionDate "2018.10.10"]
[SourceQuality "1"]

1. e4 c5 2. Bc4 a6 3. a4 Nc6 4. Nc3 e6 5. d3 d6 6. Nf3 g6 7. 0-0 Bg7 8. Bd2 Nge7 9. Bg5 h6 10. Bd2 0-0 11. h3 Kh7 12. Rb1 Rb8 13. Ne2 b5 14. axb5 axb5 15. Bb3 d5 16. c3 c4 17. Bc2 dxe4 18. dxe4 e5 19. Qe1 Qc7 20. Ng3 Nd8 21. Qc1 Nec6 22. b4 Ne6 23. Nf5 Nf4 24. Nxg7 Ne2+ 0-1

[Event "Rheinland Pfalz op Seniors 16th"]
[Site "Neustadt an der Weinstrasse"]
[Date "2018.07.10"]
[Round "4"]
[White "Duijker, Bert"]
[Black "Ranker, Klemens"]
[Result "1/2-1/2"]
[WhiteElo "1874"]
[BlackElo "1822"]
[PlyCount "40"]
[EventDate "2018.07.07"]
[EventType "swiss"]
[EventRounds "9"]
[EventCountry "GER"]
[SourceTitle "EXT 2019"]
[Source "ChessBase"]
[SourceDate "2018.10.10"]
[SourceVersion "1"]
[SourceVersionDate "2018.10.10"]
[SourceQuality "1"]

1. Nf3 Nf6 2. c4 c5 3. d4 cxd4 4. Nxd4 Nc6 5. Nc3 g6 6. e4 d6 7. Be2 Bg7 8. Be3 0-0 9. 0-0 Bd7 10. f3 a6 11. Qd2 Rc8 12. Rac1 Ne8 13. Rfd1 Nxd4 14. Bxd4 Bxd4+ 15. Qxd4 Nf6 16. b3 Qa5 17. Qe3 Qc5 18. Kf2 Qxe3+ 19. Kxe3 Rc7 20. Nd5 Nxd5+ 1/2-1/2

[Event "Rheinland Pfalz op Seniors 16th"]
[Site "Neustadt an der Weinstrasse"]
[Date "2018.07.08"]
[Round "2"]
[White "Ranker, Klemens"]
[Black "Humm, Peter"]
[Result "1-0"]
[WhiteElo "1822"]
[BlackElo "1622"]
[PlyCount "35"]
[EventDate "2018.07.07"]
[EventType "swiss"]
[EventRounds "9"]
[EventCountry "GER"]
[SourceTitle "EXT 2019"]
[Source "ChessBase"]
[SourceDate "2018.10.10"]
[SourceVersion "1"]
[SourceVersionDate "2018.10.10"]
[SourceQuality "1"]

1. e4 b6 2. Nc3 e6 3. d4 Bb7 4. Bd2 d6 5. Nf3 Nd7 6. Bd3 c5 7. 0-0 cxd4 8. Nxd4 Ngf6 9. Re1 Be7 10. Nde2 d5 11. exd5 Nxd5 12. Nxd5 Bxd5 13. Nf4 Bb7 14. Qg4 g6 15. Bc3 0-0 16. Nxg6 hxg6 17. Bxg6 Bg5 18. Qh5 1-0

[Event "Pfalz-ch Seniors 87th"]
[Site "Landau"]
[Date "2018.03.25"]
[Round "3"]
[White "Link, Alwin"]
[Black "Ranker, Klemens"]
[Result "1/2-1/2"]
[WhiteElo "1471"]
[BlackElo "1683"]
[PlyCount "53"]
[EventDate "2018.03.23"]
[EventType "swiss"]
[EventRounds "7"]
[EventCountry "GER"]
[SourceTitle "EXT 2019"]
[Source "ChessBase"]
[SourceDate "2018.10.10"]
[SourceVersion "1"]
[SourceVersionDate "2018.10.10"]
[SourceQuality "1"]

1. e4 c5 2. Nc3 Nc6 3. g3 g6 4. Bg2 Bg7 5. d3 Nf6 6. Be3 d6 7. Rb1 0-0 8. Nf3 h6 9. 0-0 Bd7 10. a3 Ng4 11. Bd2 b5 12. Nd5 Rb8 13. Ne3 b4 14. Nxg4 Bxg4 15. h3 Bd7 16. a4 e5 17. b3 Qc7 18. Kh2 f5 19. exf5 Bxf5 20. Re1 a5 21. Qc1 Ne7 22. Nh4 Be6 23. f4 Nd5 24. fxe5 Bxe5 25. Nf3 Bf6 26. Ng5 Bxg5 27. Bxg5 1/2-1/2

[Event "GER-chT Seniors 26th"]
[Site "Templin"]
[Date "2017.09.29"]
[Round "5.4"]
[White "Ranker, Klemens"]
[Black "Keller, Harald"]
[Result "1/2-1/2"]
[WhiteElo "1835"]
[BlackElo "2077"]
[PlyCount "46"]
[EventDate "2017.09.25"]
[EventType "team-swiss"]
[EventRounds "7"]
[EventCountry "GER"]
[SourceTitle "EXT 2019"]
[Source "ChessBase"]
[SourceDate "2018.10.10"]
[SourceVersion "1"]
[SourceVersionDate "2018.10.10"]
[SourceQuality "1"]
[WhiteTeam "Rheinland Pfalz II"]
[BlackTeam "Wuerttemberg II"]
[WhiteTeamCountry "GER"]
[BlackTeamCountry "GER"]

1. e4 Nf6 2. Nc3 d5 3. exd5 Nxd5 4. Ne4 Bf5 5. Ng3 Bg6 6. Nf3 e6 7. Bc4 Be7 8. d3 Bf6 9. 0-0 0-0 10. Ne4 Be7 11. Ne5 Nd7 12. Nxg6 hxg6 13. a3 N7f6 14. Nxf6+ Bxf6 15. Qg4 c6 16. Rb1 b5 17. Bb3 Re8 18. Bd2 Re7 19. d4 Rd7 20. c3 a5 21. Rfe1 Qc7 22. Re2 Re8 23. Rbe1 Rde7 1/2-1/2

[Event "GER-chT Seniors 26th"]
[Site "Templin"]
[Date "2017.09.27"]
[Round "3.4"]
[White "Hahn, Volker"]
[Black "Ranker, Klemens"]
[Result "1/2-1/2"]
[WhiteElo "1747"]
[BlackElo "1835"]
[PlyCount "40"]
[EventDate "2017.09.25"]
[EventType "team-swiss"]
[EventRounds "7"]
[EventCountry "GER"]
[SourceTitle "EXT 2019"]
[Source "ChessBase"]
[SourceDate "2018.10.10"]
[SourceVersion "1"]
[SourceVersionDate "2018.10.10"]
[SourceQuality "1"]
[WhiteTeam "Blindenschachbund"]
[BlackTeam "Rheinland Pfalz II"]
[WhiteTeamCountry "GER"]
[BlackTeamCountry "GER"]

1. d4 d5 2. Bf4 Nf6 3. e3 g6 4. c4 c6 5. Nc3 Bg7 6. h3 0-0 7. Nf3 Nbd7 8. cxd5 Nxd5 9. Nxd5 cxd5 10. Bd3 Qb6 11. Qe2 Re8 12. 0-0 e5 13. dxe5 Nxe5 14. Nxe5 Bxe5 15. Bxe5 Rxe5 16. b3 Bd7 17. Rfc1 Rae8 18. Qf3 Kg7 19. Qf4 Bc6 20. Qd4 Qxd4 1/2-1/2

[Event "GER-chT Seniors 26th"]
[Site "Templin"]
[Date "2017.09.25"]
[Round "1.4"]
[White "Werchan, Hans"]
[Black "Ranker, Klemens"]
[Result "1-0"]
[WhiteElo "2085"]
[BlackElo "1835"]
[PlyCount "63"]
[EventDate "2017.09.25"]
[EventType "team-swiss"]
[EventRounds "7"]
[EventCountry "GER"]
[SourceTitle "EXT 2019"]
[Source "ChessBase"]
[SourceDate "2018.10.10"]
[SourceVersion "1"]
[SourceVersionDate "2018.10.10"]
[SourceQuality "1"]
[WhiteTeam "Sachsen Anhalt"]
[BlackTeam "Rheinland Pfalz II"]
[WhiteTeamCountry "GER"]
[BlackTeamCountry "GER"]

1. Nf3 Nf6 2. c4 c5 3. Nc3 Nc6 4. d4 cxd4 5. Nxd4 g6 6. e4 d6 7. Be2 Bg7 8. Be3 0-0 9. Qd2 Bd7 10. Rc1 Rc8 11. f3 a6 12. 0-0 Nxd4 13. Bxd4 Ne8 14. Nd5 Bxd4+ 15. Qxd4 Rc6 16. Rfd1 Ng7 17. b4 Ne6 18. Qa7 Bc8 19. c5 Kg7 20. cxd6 Rxd6 21. Qe3 Re8 22. f4 b5 23. Bf3 Bb7 24. g3 f6 25. Kf2 Bxd5 26. exd5 Nf8 27. Rc6 Qb8 28. Rdc1 Red8 29. Qxe7+ Kh6 30. Rxd6 Qxd6 31. Qxd6 Rxd6 32. Rc6 1-0